| 000 | 00383nam a2200145Ia 4500 | ||
|---|---|---|---|
| 008 | 210210b1987 xxu||||| |||| 00| 0 eng d | ||
| 082 | _a030 ENCY | ||
| 100 | _aENCYCLOPAEDIA BRITANNICA. | ||
| 245 | _aBritannica book of the year.1987. | ||
| 260 |
_aChicago. _bEncyclopaedia Britannica, _c1987 |
||
| 300 | _a958 | ||
| 650 | _aYear Book | ||
| 690 | _aEncyclopaedia | ||
| 906 | _a039930 | ||
| 999 |
_c90105 _d90105 |
||